<?xml version="1.0" encoding="UTF-8"?>
<record
    xmlns:xsi="http://www.w3.org/2001/XMLSchema-instance"
    xsi:schemaLocation="http://www.loc.gov/MARC21/slim http://www.loc.gov/standards/marcxml/schema/MARC21slim.xsd"
    xmlns="http://www.loc.gov/MARC21/slim">

  <leader>00424nam a22001337a 4500</leader>
  <controlfield tag="008">200317b           ||||| |||| 00| 0 eng d</controlfield>
  <datafield tag="082" ind1=" " ind2=" ">
    <subfield code="a">610.28 JYP</subfield>
  </datafield>
  <datafield tag="100" ind1=" " ind2=" ">
    <subfield code="a">Jyothi , B. Jeevana</subfield>
  </datafield>
  <datafield tag="245" ind1=" " ind2=" ">
    <subfield code="a">Practical Manual of Pharmaceutical Engineering</subfield>
  </datafield>
  <datafield tag="250" ind1=" " ind2=" ">
    <subfield code="a">5th</subfield>
    <subfield code="b">2019</subfield>
  </datafield>
  <datafield tag="260" ind1=" " ind2=" ">
    <subfield code="a">New Delhi</subfield>
    <subfield code="b">Nirali Prakashan</subfield>
  </datafield>
  <datafield tag="650" ind1=" " ind2=" ">
    <subfield code="a">Pharmaceutics- Drug Delivery Systems,Pharmaceutical Engineering regulraty Science</subfield>
  </datafield>
  <datafield tag="942" ind1=" " ind2=" ">
    <subfield code="2">ddc</subfield>
    <subfield code="c">BK</subfield>
  </datafield>
  <datafield tag="999" ind1=" " ind2=" ">
    <subfield code="c">8554</subfield>
    <subfield code="d">8554</subfield>
  </datafield>
  <datafield tag="952" ind1=" " ind2=" ">
    <subfield code="0">0</subfield>
    <subfield code="1">0</subfield>
    <subfield code="2">ddc</subfield>
    <subfield code="4">0</subfield>
    <subfield code="7">0</subfield>
    <subfield code="8">BP</subfield>
    <subfield code="a">PIET</subfield>
    <subfield code="b">PIET</subfield>
    <subfield code="c">R06</subfield>
    <subfield code="d">2020-01-06</subfield>
    <subfield code="e">Kirti Prakashan</subfield>
    <subfield code="f">IN Rupees</subfield>
    <subfield code="g">50.00</subfield>
    <subfield code="k">IN5972</subfield>
    <subfield code="l">0</subfield>
    <subfield code="o">610.28 JYP</subfield>
    <subfield code="p">BP169</subfield>
    <subfield code="r">2020-03-17 00:00:00</subfield>
    <subfield code="t">1</subfield>
    <subfield code="v">37.00</subfield>
    <subfield code="w">2020-01-06</subfield>
    <subfield code="y">REF</subfield>
  </datafield>
  <datafield tag="952" ind1=" " ind2=" ">
    <subfield code="0">0</subfield>
    <subfield code="1">0</subfield>
    <subfield code="2">ddc</subfield>
    <subfield code="4">0</subfield>
    <subfield code="7">0</subfield>
    <subfield code="8">BP</subfield>
    <subfield code="a">PIET</subfield>
    <subfield code="b">PIET</subfield>
    <subfield code="d">2020-01-06</subfield>
    <subfield code="e">Kirti Prakashan</subfield>
    <subfield code="f">IN Rupees</subfield>
    <subfield code="g">50.00</subfield>
    <subfield code="k">IN5972</subfield>
    <subfield code="l">0</subfield>
    <subfield code="o">610.28 JYP</subfield>
    <subfield code="p">BP170</subfield>
    <subfield code="r">2020-03-17 00:00:00</subfield>
    <subfield code="t">2</subfield>
    <subfield code="v">37.00</subfield>
    <subfield code="w">2020-01-06</subfield>
    <subfield code="y">BK</subfield>
  </datafield>
  <datafield tag="952" ind1=" " ind2=" ">
    <subfield code="0">0</subfield>
    <subfield code="1">0</subfield>
    <subfield code="2">ddc</subfield>
    <subfield code="4">0</subfield>
    <subfield code="7">0</subfield>
    <subfield code="8">BP</subfield>
    <subfield code="a">PIET</subfield>
    <subfield code="b">PIET</subfield>
    <subfield code="d">2020-01-06</subfield>
    <subfield code="e">Kirti Prakashan</subfield>
    <subfield code="f">IN Rupees</subfield>
    <subfield code="g">50.00</subfield>
    <subfield code="k">IN5972</subfield>
    <subfield code="l">1</subfield>
    <subfield code="o">610.28 JYP</subfield>
    <subfield code="p">BP171</subfield>
    <subfield code="r">2022-06-07 00:00:00</subfield>
    <subfield code="s">2021-12-23</subfield>
    <subfield code="t">3</subfield>
    <subfield code="v">37.00</subfield>
    <subfield code="w">2020-01-06</subfield>
    <subfield code="y">BK</subfield>
  </datafield>
  <datafield tag="952" ind1=" " ind2=" ">
    <subfield code="0">0</subfield>
    <subfield code="1">0</subfield>
    <subfield code="2">ddc</subfield>
    <subfield code="4">0</subfield>
    <subfield code="7">0</subfield>
    <subfield code="8">BP</subfield>
    <subfield code="a">PIET</subfield>
    <subfield code="b">PIET</subfield>
    <subfield code="d">2020-01-06</subfield>
    <subfield code="e">Kirti Prakashan</subfield>
    <subfield code="f">IN Rupees</subfield>
    <subfield code="g">50.00</subfield>
    <subfield code="k">IN5972</subfield>
    <subfield code="l">0</subfield>
    <subfield code="o">610.28 JYP</subfield>
    <subfield code="p">BP172</subfield>
    <subfield code="r">2020-03-17 00:00:00</subfield>
    <subfield code="t">4</subfield>
    <subfield code="v">37.00</subfield>
    <subfield code="w">2020-01-06</subfield>
    <subfield code="y">BK</subfield>
  </datafield>
  <datafield tag="952" ind1=" " ind2=" ">
    <subfield code="0">0</subfield>
    <subfield code="1">0</subfield>
    <subfield code="2">ddc</subfield>
    <subfield code="4">0</subfield>
    <subfield code="7">0</subfield>
    <subfield code="8">BP</subfield>
    <subfield code="a">PIET</subfield>
    <subfield code="b">PIET</subfield>
    <subfield code="d">2020-01-06</subfield>
    <subfield code="e">Kirti Prakashan</subfield>
    <subfield code="f">IN Rupees</subfield>
    <subfield code="g">50.00</subfield>
    <subfield code="k">IN5972</subfield>
    <subfield code="l">0</subfield>
    <subfield code="o">610.28 JYP</subfield>
    <subfield code="p">BP173</subfield>
    <subfield code="r">2020-03-17 00:00:00</subfield>
    <subfield code="t">5</subfield>
    <subfield code="v">37.00</subfield>
    <subfield code="w">2020-01-06</subfield>
    <subfield code="y">BK</subfield>
  </datafield>
  <datafield tag="952" ind1=" " ind2=" ">
    <subfield code="0">0</subfield>
    <subfield code="1">0</subfield>
    <subfield code="2">ddc</subfield>
    <subfield code="4">0</subfield>
    <subfield code="7">0</subfield>
    <subfield code="8">BP</subfield>
    <subfield code="a">PIET</subfield>
    <subfield code="b">PIET</subfield>
    <subfield code="d">2020-02-01</subfield>
    <subfield code="e">Kirti Prakashan</subfield>
    <subfield code="f">Rupees</subfield>
    <subfield code="g">50.00</subfield>
    <subfield code="k">IN6233</subfield>
    <subfield code="l">0</subfield>
    <subfield code="o">610.28 JYP</subfield>
    <subfield code="p">BP1221</subfield>
    <subfield code="r">2020-07-11 00:00:00</subfield>
    <subfield code="v">37.00</subfield>
    <subfield code="w">2020-02-01</subfield>
    <subfield code="y">BK</subfield>
  </datafield>
  <datafield tag="952" ind1=" " ind2=" ">
    <subfield code="0">0</subfield>
    <subfield code="1">0</subfield>
    <subfield code="2">ddc</subfield>
    <subfield code="4">0</subfield>
    <subfield code="7">0</subfield>
    <subfield code="8">BP</subfield>
    <subfield code="a">PIET</subfield>
    <subfield code="b">PIET</subfield>
    <subfield code="d">2020-02-01</subfield>
    <subfield code="e">Kirti Prakashan</subfield>
    <subfield code="f">Rupees</subfield>
    <subfield code="g">50.00</subfield>
    <subfield code="k">IN6233</subfield>
    <subfield code="l">0</subfield>
    <subfield code="o">610.28 JYP</subfield>
    <subfield code="p">BP1220</subfield>
    <subfield code="r">2020-07-11 00:00:00</subfield>
    <subfield code="v">37.00</subfield>
    <subfield code="w">2020-02-01</subfield>
    <subfield code="y">BK</subfield>
  </datafield>
</record>
